| 000 | 01480nam a2200253Ia 4500 | ||
|---|---|---|---|
| 003 | Ost | ||
| 005 | 20260507075750.0 | ||
| 008 | 260507s9999||||xx |||||||||||||| ||und|| | ||
| 020 | _a9789931140160 | ||
| 040 | _cfsecg | ||
| 041 | _aara | ||
| 082 | _a657.46 | ||
| 100 |
_aبن ربيع، حنيفة _eمؤلف |
||
| 245 | 0 |
_a الواضح في المحاسبة المالية وفق SCF والمعايير الدولية IAS/IFRS(الجزء الأول ) / _c حنيفة بن ربيع |
|
| 250 | _aطبعة 4 | ||
| 260 |
_aالجزائر: _bدار أجيال الرقمي , _c2023 |
||
| 300 |
_a294 صفحة؛ _bإيضاحات ؛ _c24 سم |
||
| 504 | _aبيبليوغرافيا: ص ص.293-294 | ||
| 520 | _aيضم الكتاب مدخل للمحاسبة بما فيه النشأة وماهية المحاسبة والتوحيد المحاسبي بإستعمال المعايير المحاسبية الدولية والقيد المزدوج والدورة المحاسبية بما فيها الميزانية، الحساب، تنظيم العمل المحاسبي، بالإضافة إلى المخزون والمثبتات بما فيها المثبتات الملموسة، عقود الإيجار، المثبتات غير الملموسة والتسويات الجردية للمثبتات. | ||
| 653 | _aالمالية العامة | ||
| 653 | _aالمالية العامة- محاسبة | ||
| 653 | _aالمحاسبة التحليلية | ||
| 942 | _cكتاب | ||
| 999 |
_c46220 _d46220 |
||